Statistics for Undertale Enemies Quiz

Click here to take the quiz!

General Stats

  • This quiz has been taken 294 times
  • The average score is 19 of 36

Answer Stats

HintAnswer% Correct
didn't understand what you said, but was flattered anyway.froggit
91%
… It doesn't seem much for conversation.dummy
85%
Eat Your Greensvegetoid
77%
Halfway through your first word,...bursts into tears and runs away.whimsun
73%
You don't even pet it. It gets more excited.lesser dog
71%
Zzzzzzzzzznapstablook
71%
Don't pick on him. Family name: Eyewalker.loox
68%
This teen wonders why it isn't named "Ice Hat"ice cap
67%
I sure do love muscles ; )aaron
66%
OMG!! humans TOO CUTE (dies)temmie
66%
NGAHHH!!undyne
66%
This teen comedian fights to keep a captive audiencesnowdrake
64%
Foolish. Foolish! FOOLISH!mad dummy
63%
Dogs can pet other dogs??? A new world has opened up for us...dogamy and dogaressa
61%
It's so excited that it thinks fighting is just playgreater dog
61%
You wiggle your hips. ... wiggles back. What a meaningful conversation!moldsmal
61%
Spider Bakerymuffet
61%
Tone deaf. She's too ashamed to sing her deadly song.shyren
54%
You and the other monsters ditch ... when it looks away!jerry
53%
Easily excited by movement. *Hobbies include: squirrelsdoggo
50%
Seems mean, but does it secretly like you?tsunderplane
49%
This humble germophobe seeks to cleanse the whole worldwoshua
48%
Mistakenly believes its lava can heal peoplevulkin
44%
This mischievous monster is never warm enough.pyrope
43%
You compliment the Final ... It understood you perfectly. Its ATTACK dropped.final froggit
42%
Night-Nightknight knight
42%
Some teens "decorated" it as a prankgyftrot
41%
It seems evil, but it's just with the wrong crowd…migosp
41%
Rebels against everything!! Looking for its friend Snowy.chilldrake
40%
One size greater than Moldaveragemoldbygg
36%
This enemy can only speak in magic words.madjick
34%
This creature is definitely in the wrong time and space!so sorry
33%
Like, team attack!royal guards
30%
It finally stopped worrying.whimsalot
30%
sees its reflection and gets jealous.glyde
26%
This relentless bully ALWAYS gets its wayastigmatism
24%

Score Distribution

Percentile by Number Answered

Percent of People with Each Score

Your Score History

You have not taken this quiz